Top 5 in Europa - Statistiken

Allgemein
  • Dieses Quiz wurde 478 mal gespielt
  • Das Durchschnittsergebnis liegt bei 53 aus 60
Antwortstatistiken
Antwort % Korrekt
Militärische Stärke Deutschland
99%
Größte in der Bevölkerung Deutschland
99%
Weinproduzent Deutschland
99%
Roggenproduzent Deutschland
99%
Autohersteller Deutschland
99%
Militärische Stärke Frankreich
99%
Größte an Größe Frankreich
99%
Größte in der Bevölkerung Frankreich
99%
Apfel-Produzent Frankreich
99%
Weinproduzent Frankreich
99%
Autohersteller Frankreich
99%
Höchster Punkt Frankreich
99%
Tiefster Punkt Frankreich
99%
Größte an Größe Spanien
98%
Weinproduzent Spanien
98%
Autohersteller Spanien
98%
Militärische Stärke Italien
96%
Größte in der Bevölkerung Italien
96%
Apfel-Produzent Italien
96%
Weinproduzent Italien
96%
Höchster Punkt Italien
96%
Militärische Stärke Russland
96%
Größte an Größe Russland
96%
Größte in der Bevölkerung Russland
96%
Apfel-Produzent Russland
96%
Roggenproduzent Russland
96%
Haferproduzent Russland
96%
Petrol Produzent Russland
96%
Höchster Punkt Russland
96%
Tiefster Punkt Russland
96%
Größte an Größe Schweden
95%
Haferproduzent Schweden
95%
Höchste prozentuale erneuerbare Energie Schweden
95%
Militärische Stärke Vereinigtes Königreich
92%
Größte in der Bevölkerung Vereinigtes Königreich
92%
Haferproduzent Vereinigtes Königreich
92%
Autohersteller Vereinigtes Königreich
92%
Petrol Produzent Vereinigtes Königreich
92%
Petrol Produzent Norwegen
91%
Höchste prozentuale erneuerbare Energie Norwegen
91%
Größte an Größe Ukraine
91%
Apfel-Produzent Ukraine
91%
Roggenproduzent Ukraine
91%
Haferproduzent Finnland
86%
Höchste prozentuale erneuerbare Energie Finnland
86%
Apfel-Produzent Polen
84%
Roggenproduzent Polen
84%
Haferproduzent Polen
84%
Höchster Punkt Österreich
83%
Weinproduzent Portugal
83%
Höchster Punkt Schweiz
83%
Tiefster Punkt Niederlande
80%
Petrol Produzent Dänemark
72%
Tiefster Punkt Dänemark
72%
Autohersteller Tschechien
66%
Höchste prozentuale erneuerbare Energie Island
62%
Petrol Produzent Rumänien
53%
Roggenproduzent Weißrussland
44%
Tiefster Punkt Litauen
37%
Höchste prozentuale erneuerbare Energie Albanien
21%
Keine übereinstimmenden Quizze gefunden
Verteilung der Resultate
Anzahl Personen mit jedem Resultat
Perzentil nach korrekt beantworteten Fragen
Ihre Resultats-Entwicklung
Sie haben dieses Quiz noch nicht gespielt